<?xml version="1.0" encoding="UTF-8"?><?xml-stylesheet type="text/xsl" href="static/style.xsl"?><OAI-PMH xmlns="http://www.openarchives.org/OAI/2.0/" xmlns:xsi="http://www.w3.org/2001/XMLSchema-instance" xsi:schemaLocation="http://www.openarchives.org/OAI/2.0/ http://www.openarchives.org/OAI/2.0/OAI-PMH.xsd"><responseDate>2026-04-13T04:10:06Z</responseDate><request verb="GetRecord" identifier="oai:www.recercat.cat:10230/59095" metadataPrefix="marc">https://recercat.cat/oai/request</request><GetRecord><record><header><identifier>oai:recercat.cat:10230/59095</identifier><datestamp>2025-12-25T19:58:10Z</datestamp><setSpec>com_2072_6</setSpec><setSpec>col_2072_452954</setSpec></header><metadata><record xmlns="http://www.loc.gov/MARC21/slim" xmlns:dcterms="http://purl.org/dc/terms/" xmlns:xsi="http://www.w3.org/2001/XMLSchema-instance" xmlns:doc="http://www.lyncode.com/xoai" xsi:schemaLocation="http://www.loc.gov/MARC21/slim http://www.loc.gov/standards/marcxml/schema/MARC21slim.xsd">
   <leader>00925njm 22002777a 4500</leader>
   <datafield ind2=" " ind1=" " tag="042">
      <subfield code="a">dc</subfield>
   </datafield>
   <datafield ind2=" " ind1=" " tag="720">
      <subfield code="a">Amengual Parra, Aina</subfield>
      <subfield code="e">author</subfield>
   </datafield>
   <datafield ind2=" " ind1=" " tag="260">
      <subfield code="c">2024-02-13T10:02:57Z</subfield>
   </datafield>
   <datafield ind2=" " ind1=" " tag="260">
      <subfield code="c">2024-02-13T10:02:57Z</subfield>
   </datafield>
   <datafield ind2=" " ind1=" " tag="260">
      <subfield code="c">2022-06-16</subfield>
   </datafield>
   <datafield ind2=" " ind1=" " tag="520">
      <subfield code="a">Treball de Fi de Grau en Criminologia i Polítiques Públiques de Prevenció. Curs 2021-2022</subfield>
   </datafield>
   <datafield ind2=" " ind1=" " tag="520">
      <subfield code="a">Tutor: Jordi González Guzmán</subfield>
   </datafield>
   <datafield ind2=" " ind1=" " tag="520">
      <subfield code="a">La entrada en vigor de la Ley Orgánica 5/2010, de 22 de junio, por la que se modifica la Ley Orgánica 10/1995, de 23 de noviembre, del Código Penal con el artículo 31 bis, supone una irrupción de la responsabilidad penal de las personas jurídicas en el Derecho Penal español y un punto de inflexión en la forma de comprender el principio de culpabilidad, en tanto que las corporaciones son incapaces de cometer materialmente un hecho delictivo. No obstante, la reforma tiene como objetivo principal garantizar que las empresas velan por el desarrollo de sus actividades conformes a la normativa vigente y las políticas y procedimientos internos establecidos, asegurando que operan con integridad, evitando la comisión de actos ilícitos. Por ello, el presente estudio pretende analizar de qué forma las empresas han integrado los programas de cumplimiento normativo o compliance programs en sus estructuras desde un enfoque criminológico, a partir del análisis de su diseño e implementación en una Mutua, con el fin último de conocer las limitaciones y retos de futuro que podrían ser extrapolables a otras empresas. Se diferenciará el cumplimiento de la norma legal del de la norma ética, dándole a la segunda la importancia que merece.</subfield>
   </datafield>
   <datafield tag="653" ind2=" " ind1=" ">
      <subfield code="a">Treball de fi de grau – Curs 2021-2022</subfield>
   </datafield>
   <datafield tag="653" ind2=" " ind1=" ">
      <subfield code="a">Responsabilidad penal de las personas jurídicas</subfield>
   </datafield>
   <datafield tag="653" ind2=" " ind1=" ">
      <subfield code="a">Riesgos penales</subfield>
   </datafield>
   <datafield tag="653" ind2=" " ind1=" ">
      <subfield code="a">Delincuencia corporativa</subfield>
   </datafield>
   <datafield tag="653" ind2=" " ind1=" ">
      <subfield code="a">Programas de cumplimiento normativo</subfield>
   </datafield>
   <datafield ind2="0" ind1="0" tag="245">
      <subfield code="a">La irrupción del compliance: análisis de su diseño e implementación en una mútua</subfield>
   </datafield>
</record></metadata></record></GetRecord></OAI-PMH>